Demokracia v Lendaku: Poslancov sledujú naživo

Bibliographic Details
Format: Article
Language:Slovak
ISSN:1210-2423
Subjects:

MARC

LEADER 00000nab a2200000 ar4500
001 vtls010604255
003 SK-MaSNL
005 20260305031620.0
008 140618c2014 xo wr|p|||||||000 b|slo
038 |a PPPK 
040 |a PPPKCL  |b slo  |c PPPKCL  |e AACR2 
041 0 |a slo 
044 |a xo  |c SK 
080 |a 351.752.22  |2 2001 
080 |a 342.573  |2 2001 
245 0 0 |a Demokracia v Lendaku: Poslancov sledujú naživo  |c [autor] (plk) 
650 0 7 |a verejné zhromaždenie  |2 pppkcl  |9 559337 
650 0 7 |a referendum  |2 pppkcl  |9 4497 
651 7 |a Lendak (Slovensko)  |2 pppkcl  |9 54521 
651 7 |a Kežmarok (Slovensko : okres)  |2 pppkcl  |9 51824 
773 0 |t Podtatranské noviny  |g Roč. LIV, č. 14 (2014), s. 3  |x 1210-2423 
852 |a PPPK  |b KIS3GCP 
999 |c 3316813  |d 3318743